[Event "Frankfurt Ch 2008"]
[Site "Ffm-Kalbach, LAZ"]
[Date "2008.06.02"]
[Round "5.63"]
[White "Truxa, Barbara"]
[Black "Knott, Tilo"]
[Result "0-1"]
[WhiteElo "1248"]
[BlackElo "1510"]
[PlyCount "46"]
[EventDate "2008.??.??"]

1. d4 f5 2. Nf3 g6 3. c4 Bg7 4. Nc3 c6 5. Qb3 d6 6. Bf4 Nh6 7. e3 O-O 8. Be2
Nf7 9. Rd1 Re8 10. Bg3 Nd7 11. O-O e5 12. dxe5 dxe5 13. h4 Qf6 14. e4 f4 15.
Bh2 Nc5 16. Qc2 Bg4 17. g3 Bh3 18. Rfe1 Ne6 19. Bf1 Bg4 20. Rd3 Bxf3 21. Rxf3
Nd4 22. Qd1 Nxf3+ 23. Qxf3 fxg3 0-1

[Event "Frankfurt Ch 2008"]
[Site "Ffm-Kalbach, LAZ"]
[Date "2008.06.02"]
[Round "5.64"]
[White "Ortiz-Rodriguez, José"]
[Black "Plötz, Hans-Jürgen"]
[Result "0-1"]
[WhiteElo "1249"]
[BlackElo "1413"]
[PlyCount "90"]
[EventDate "2008.??.??"]

1. e4 d6 2. Nc3 Nf6 3. Nf3 Nbd7 4. Bc4 e6 5. O-O Be7 6. d4 e5 7. Nh4 Nxe4 8.
Nxe4 Bxh4 9. Bb3 O-O 10. Qh5 exd4 11. Ng5 Bxg5 12. Bxg5 Nf6 13. Qh4 c5 14. Bd5
h6 15. Bd2 Nxd5 16. Qg3 Kh8 17. c3 dxc3 18. bxc3 b6 19. c4 Nf6 20. Bc3 Rg8 21.
Rad1 Ne4 22. Qf3 Bb7 23. Qh3 Nxc3 24. Qxc3 Qg5 25. f3 d5 26. a4 d4 27. Qd3 Qe3+
28. Qxe3 dxe3 29. Rfe1 Rge8 30. Rd7 Ba6 31. Rxf7 Bxc4 32. Rc7 e2 33. Kf2 Rec8
34. Re7 a6 35. g4 b5 36. axb5 axb5 37. f4 Rab8 38. f5 b4 39. f6 gxf6 40. h4 b3
41. g5 fxg5 42. hxg5 hxg5 43. Rh1+ Kg8 44. Rhh7 Rf8+ 45. Ke1 Rf7 0-1

[Event "Frankfurt Ch 2008"]
[Site "Ffm-Kalbach, LAZ"]
[Date "2008.06.02"]
[Round "5.65"]
[White "Liebert, Monika"]
[Black "Will, Karsten"]
[Result "0-1"]
[WhiteElo "1042"]
[BlackElo "1429"]
[PlyCount "146"]
[EventDate "2008.??.??"]

1. e4 e5 2. Bc4 Nc6 3. Nf3 Bc5 4. Nc3 Nf6 5. O-O O-O 6. d3 h6 7. a3 d6 8. Nd5
Bg4 9. h3 Bh5 10. b4 Bb6 11. g4 Bg6 12. Qe2 a6 13. Bd2 Nd4 14. Nxd4 Bxd4 15. c3
Ba7 16. Qf3 Nxd5 17. Bxd5 c6 18. Ba2 Qd7 19. Be3 Bxe3 20. Qxe3 Rfe8 21. f4 exf4
22. Rxf4 Re7 23. Raf1 d5 24. e5 f6 25. d4 fxe5 26. dxe5 Qe6 27. Re1 Rae8 28.
Qd4 Qc8 29. c4 dxc4 30. Bxc4+ Kh7 31. Bd3 Bxd3 32. Qxd3+ Kg8 33. Qc4+ Kh8 34.
Rf5 Qc7 35. Qc5 Kh7 36. Kg2 g6 37. Rf6 Rxe5 38. Rxe5 Rxe5 39. Qf8 Re7 40. h4
Rg7 41. g5 hxg5 42. hxg5 Qe7 43. Kf3 Qxf8 44. Rxf8 Rd7 45. Kf4 Re7 46. a4 Kg7
47. Rf6 Rf7 48. Ke5 Rxf6 49. gxf6+ Kf7 50. a5 g5 51. Kf5 g4 52. Kxg4 Kxf6 53.
Kf4 Ke6 54. Ke4 Kd6 55. Kd4 Kd7 56. Kc5 Kc7 57. Kc4 b6 58. Kb3 bxa5 59. bxa5
Kd6 60. Kc4 c5 61. Kd3 Kd5 62. Kc3 c4 63. Kb4 Kd4 64. Ka3 Kd3 65. Kb2 Kd2 66.
Kb1 c3 67. Ka2 c2 68. Kb3 c1=Q 69. Kb4 Qc3+ 70. Ka4 Qc4+ 71. Ka3 Qb5 72. Ka2
Kc2 73. Ka1 Qb2# 0-1

[Event "Frankfurt Ch 2008"]
[Site "Ffm-Kalbach, LAZ"]
[Date "2008.06.02"]
[Round "5.66"]
[White "Bongardt, Torsten"]
[Black "Breitbach, Stephan"]
[Result "0-1"]
[WhiteElo "1417"]
[BlackElo "1330"]
[PlyCount "48"]
[EventDate "2008.??.??"]

1. d4 d5 2. Nf3 e6 3. Bf4 c5 4. c3 Nc6 5. e3 Nf6 6. Bb5 Qb6 7. Bxc6+ bxc6 8. b3
cxd4 9. exd4 Ba6 10. Nbd2 c5 11. Rc1 cxd4 12. Nxd4 Ba3 13. Rb1 Bd3 14. Nc2 Bc5
15. Bg3 Qc6 16. Rc1 O-O 17. Nf3 Qa6 18. Ne5 Bb5 19. a4 Be8 20. Qd3 Qb7 21. b4
Bd6 22. b5 Ne4 23. f4 Qc7 24. Nb4 Bxb4 0-1